Gotta Go My Own Way - HSM2 Lyrics - Statistics

General Stats
  • This quiz has been taken 1,262 times
  • The average score is 265 of 322
Answer Stats
Lyrics % Correct
| Gabriella | Trpy I
100%
go
99%
go?
99%
got
99%
about
98%
gotta
98%
my
98%
us
97%
us?
97%
Gabriella | Troy What
97%
be
96%
do
96%
do?
96%
me
96%
me?
96%
way
96%
to
95%
we
95%
We
95%
you
95%
Troy You
95%
on
93%
so
91%
So
91%
am
90%
but
89%
But
89%
who
89%
own
88%
and
87%
And
87%
in
87%
for
86%
hope
86%
don't
85%
Don't
85%
just
85%
mind
85%
move
85%
understand
85%
belong
84%
here
84%
the
84%
what's
84%
say
83%
I've
80%
right
80%
Something
80%
days
78%
doesn't
78%
find
78%
now
78%
this
78%
best
77%
place
77%
these
77%
world
77%
might
76%
everything
75%
seem
75%
been
74%
get
74%
leave
74%
someday
74%
at
73%
it
73%
trust?
73%
try
73%
least
72%
okay
72%
through?
72%
we've
71%
You'll
71%
you'll
71%
getting
70%
Life
70%
know
69%
never
69%
want
69%
hurt
68%
keeps
65%
hard
62%
It's
62%
it's
62%
wanted
62%
supposed
61%
miss
60%
our
60%
always
59%
I'll
59%
I'm
57%
is
56%
plan
55%
all
54%
rearranged
50%
wanna
49%
Whenever
48%
behind
47%
have
47%
somehow
45%
everytime
40%
watch
40%
Troy Why
40%
hopes
39%
up
39%
away
38%
leaving
38%
today
38%
fall
37%
them
37%
fade
35%
grey
35%
cause
34%
slowly
34%
color
32%
turns
32%
stay
31%
trying
31%
another
30%
No matching quizzes found
Score Distribution
Percent of People with Each Score
Percentile by Number Answered
Your Score History
You have not taken this quiz